| 000 | 01906nam a22002777a 4500 | ||
|---|---|---|---|
| 999 |
_c21743 _d21743 |
||
| 003 | AR-CdUCM | ||
| 008 | 190425b ||||| |||| 00| 0 spa d | ||
| 040 |
_aMUNICIPALIDAD PROVINCIAL DEL CUSCO _cBIBLIOTECA MUNICIPAL DEL CUSCO |
||
| 082 |
_aRev.Univ/N°87/1944 _bRev.Univ/N°87/1944 |
||
| 110 |
_aUniversidad Nacional de San Antonio Abad del Cusco _915942 |
||
| 245 |
_aRevista Universitaria : _bÓrgano de la Universidad del Cuzco / |
||
| 260 |
_aCusco : _bH.G. Rozas, _c1944. |
||
| 300 |
_a211 páginas. : _bilustraciones ; _c20 cm. |
||
| 440 |
_aRevista Universitaria _nAño XXXIII, 2° semestre 1944, N°87 _945939 |
||
| 500 | _aHomenaje al Dr. Fortunato L. Herrera | ||
| 505 | _aContenido: Docto Fortunato L. Herrera botánico peruano. César Vargas. -- Plantas dedicadas al doctor Fortunato L. Herrera. -- Saludo de admonición. Morrison. -- A peruvian national park in honor of Dr. Herrera. Goodspeed. -- The orchids of Cuzco. Charles Schweinfurth. -- Revisión de las especies bolivianas del genero Begonia. Lyman B. Smith y Bernice G. Schubert. -- Una Begonia nueva del Perú. Lyman. -- Suplemento a las bromeliaceas del Perú. Lyman. -- Una nueva especie peruana de Saracha. Morton. -- Las especies sudamericanas del genero Monophyle. Morton. -- Cuatro compuestas nuevas del Perú. Ángel Cabrera. -- Consideraciones morfológicas y filogenéticas sobre algunas razas de maíz procedentes del Perú y Bolivia. Martín Cárdenas. -- Aspectos económicos varios del valle de La Convención. Christian Bües. -- Publicaciones del Dr. Fortunato L. Herrera. | ||
| 650 |
_aBotánica _92790 |
||
| 650 |
_aBotánica cusqueña _945807 |
||
| 650 |
_aFortunato L. Herrera _945940 |
||
| 650 |
_aMaíz _920764 |
||
| 700 |
_aVargas, César _945886 |
||
| 700 |
_aHerrera, Fortunato L _931237 |
||
| 710 |
_aUniversidad Nacional de San Antonio Abad del Cusco _915942 |
||
| 942 |
_2ddc _cPP |
||
| 945 | _arac | ||